Kashshāf li-taṣnīf al-kutub. (Record no. 50967)

MARC details
000 -LEADER
fixed length control field 00511cam a22002051 4500
001 - CONTROL NUMBER
control field ne 68004205
003 - CONTROL NUMBER IDENTIFIER
control field DLC
005 - DATE AND TIME OF LATEST TRANSACTION
control field 20260227111849.0
008 - FIXED-LENGTH DATA ELEMENTS--GENERAL INFORMATION
fixed length control field 950414s1959 xx 000 0 arao
010 ## - LIBRARY OF CONGRESS CONTROL NUMBER
LC control number ne 68004205
035 ## - SYSTEM CONTROL NUMBER
System control number (OCoLC)32314938
040 ## - CATALOGING SOURCE
Original cataloging agency DLC
Transcribing agency CU
Modifying agency CU
-- DLC
042 ## - AUTHENTICATION CODE
Authentication code premarc
050 00 - LIBRARY OF CONGRESS CALL NUMBER
Classification number Z695
Item number .K38
100 1# - MAIN ENTRY--PERSONAL NAME
Personal name Kāẓim, Midḥat ʻĀdil.
245 10 - TITLE STATEMENT
Title Kashshāf li-taṣnīf al-kutub.
260 ## - PUBLICATION, DISTRIBUTION, ETC.
Date of publication, distribution, etc. 1959.
300 ## - PHYSICAL DESCRIPTION
Extent 70 p.
Dimensions 20 cm.
650 #0 - SUBJECT ADDED ENTRY--TOPICAL TERM
Topical term or geographic name entry element Subject headings,
General subdivision Arabic.

No items available.

Powered by Koha